Pokémon en images - Mort subite - Statistiques

Statistiques générales
  • Ce quiz a été pris 3 056 fois
  • Le résultat moyen est 12 sur 15
Answers on the Grid
Answers color-coded by a green-red scale on the quiz's grid according to % correct below.
 
Statistiques - réponses
Réponse % Correct
90%
90%
87%
87%
85%
84%
82%
81%
81%
80%
79%
75%
74%
72%
71%
Aucun quiz correspondant
Distribution des résultats
% des personnes avec chaque résultat
Percentile par nombre de réponses
Votre historique - résultats
Vous n’avez pas pris ce quiz